1626 1967 1704 1202 1700 1286 1051 1122 1651 1649 1778 1203 1484 1672 1411 1072 1595 1077 1653 1706 1073 1181 1392 1810 1900 1261 1843 1192 1804 1566 1681 1251 1677 1575 1607 1682 1272 1806 1167 1707 1074 1744 1434 1244 1799 1452 1448 1756 1031 1455 1611 1319 1001 1548 1740 1235 1223 1732 1914 1895 1786 1192 1049 1359 1277 1720 1953 1772 1164 1122 1574 1719 1336 1454 1426 1963 1696 1446 1101 1827 1621 1268 1586 1527 1360 1654 1007 1732 1824 1594 1535 1462 1711 1976 1714 1192 1349 1908 1501 BCNSPRNW ULIB Ver.6.0+V

เปลี่ยนเป็นภาษาไทย

Change to English
 แสดงรายละเอียดบรรณานุกรม
  กลับหน้าหลัก

Brief Record : Get Marc (ISO 2709) : E-mail record : QR code < ปิดหน้าต่าง
LEADER : 00000nam 2200000uu 4500
001    13399110866
003     ULIB
008    110610s2553||||th 000 0 tha d
020    9789741028047(ล.1)
060  4 WY18.2^bค127ค ล.1
245 00 คู่มือการสอบใบอนุญาตประกอบวิชาชีพการพยาบาล เล่ม 1 ทบทวนสาระและตัวอย่างข้อสอบ =^bNCLEX-RN Review 5th edition 2005/^cบรรณาธิการ ประกาย จิโรจน์กุล และคณะ,ผู้แปล คณะอาจารย์วิทยาลัยพยาบาลบรมราชชนนี กรุงเทพฯ
246 0  NCLEX-RN Review 5th edition 2005
250    พิมพ์ครั้งที่ 2
260    กรุงเทพฯ:^bเซ็นเกจ เลินนิ่ง(ประเทศไทย) จำกัด,^c2553
300    484 หน้า
650  7 การพยาบาล--ตัวอย่างข้อสอบ
650  7 การสอบใบอนุญาตประกอบวิชาชีพการพยาบาล
700 0  คณะอาจารย์วิทยาลัยพยาบาลบรมราชชนนี กรุงเทพฯ,^eผู้แปล
700 0  ประกาย จิโรจน์กุล และคณะ,^eบรรณาธิการ
710 2  กระทรวงสาธารณสุข ^bสถาบันพระบรมราชนก^bวิทยาลัยพยาบาลบรมราชชนนี
945    ^p395^l0^i17917
945    ^p395^l0^i17003
945    ^p395^l0^i15718
945    ^p395^l0^i17002
945    ^p395^l0^i20981
945    ^p395^l0^i20982
995    เกษร
999    ^aใช้งานได้ทุกระบบ
รายการนี้ยังไม่มีแท็ก
คุณยังไม่ได้ล็อกอิน คุณสามารถมีกิจกรรมร่วมกับเว็บไซต์ได้ แต่ต้องล็อกอินก่อน ::
  ล็อกอิน

รายการสื่อสารสนเทศ

ลำดับที่ ประเภท เลขเรียก/บาร์โค้ด สถานที่ สถานะ
1. Book การพยาบาล
หนังสือสำรอง
สถานะ=หนังสือสำรอง
WY18.2 ค127ค ล.1 ฉ.1 
  Barcode: 15718
ห้องสมุดวิทยาเขตนครสวรรค์
►ส่วนจัดเก็บหนังสือเก่า นว.
บนชั้น
  ขอยืม
2. Book การพยาบาล
Book การพยาบาล
WY18.2 ค127ค ล.1 ฉ.2 
  Barcode: 17002
ห้องสมุดวิทยาเขตนครสวรรค์
►ส่วนจัดเก็บหนังสือเก่า นว.
บนชั้น
  ขอยืม
3. Book การพยาบาล
Book การพยาบาล
WY18.2 ค127ค ล.1 ฉ.3 
  Barcode: 17003
ห้องสมุดวิทยาเขตนครสวรรค์
►ส่วนจัดเก็บหนังสือเก่า นว.
บนชั้น
  ขอยืม
4. Book การพยาบาล
Book การพยาบาล
WY18.2 ค127ค ล.1 ฉ.4 
  Barcode: 17917
ห้องสมุดวิทยาเขตนครสวรรค์
►ส่วนจัดเก็บหนังสือเก่า นว.
บนชั้น
  ขอยืม
5. Book การพยาบาล
Book การพยาบาล
WY18.2 ค127ค ล.1 ฉ.5 
  Barcode: 20981
ห้องสมุดวิทยาเขตนครสวรรค์
►ส่วนจัดเก็บหนังสือเก่า นว.
ถูกยืม กำหนดส่งวันที่ 4 สิงหาคม 2568
  จอง
6. Book การพยาบาล
Book การพยาบาล
WY18.2 ค127ค ล.1 ฉ.6 
  Barcode: 20982
ห้องสมุดวิทยาเขตนครสวรรค์
►ส่วนจัดเก็บหนังสือเก่า นว.
บนชั้น
  ขอยืม

รายการใกล้เคียง
    หัวเรื่อง [การพยาบาล--ตัวอย่างข้อสอบ]
    หัวเรื่อง [การสอบใบอนุญาตประกอบวิชาชีพการพยาบาล]

BibComment


ยังไม่เคยถูกคอมเมนท์

คอมเมนท์ทรัพยากรรายการนี้
  คอมเมนท์: คู่มือการสอบใบอนุ..


 Copyright 2026. Bcnsprnw @Library